| 000 | 00366nam a22001577a 4500 | ||
|---|---|---|---|
| 003 | SGT | ||
| 020 | _a978-93-5129-273-9 | ||
| 082 | _a616.8, K15S | ||
| 100 | _aSADOCK, BENJAMIN J. | ||
| 245 | _aKAPLAN & SADOCK'S SYNOPSIS OF PSYCHIATRY | ||
| 250 | _a11TH | ||
| 260 |
_aINDIA _bWOLTES KLUWER _c2015 |
||
| 300 | _a1472 | ||
| 650 | _aPSYCHIATRY | ||
| 942 |
_2ddc _cBK _03 |
||
| 999 |
_c8393 _d8393 |
||